000 00819nas a2200265 4500
001 BR2012003507
003 BR-BrBNA
005 20231205120552.0
007 ta
008 230509b bl.|||p| |||| 00| 00por d
040 _aBR-BrBNA
_bpor
_cBiblioteca Nacional de Agricultura
041 _a(Pt)
072 _aL70
100 1 _aQueiroz, F.F. de
100 1 _aCordeiro, G.C.
100 1 _aRodrigues, A.B.F.
100 1 _aSilveira, L.S. da
245 1 _aEnsaio biomecânico da túnica albugínea bovina conservada em glicerina 98 para utilização como membrana biológica
650 _aBOVINO
650 _aOSSO
650 _aCIRURGIA
773 0 _tCiência Rural (Brazil)
_xISSN 0103-8478
_g(Mar 2012), v. 42(3) p. 501-506
_wBR2012003507
909 _a202311
_bLúcia
_c55
_dLúcia Elande
942 _2AGRIS
_n0
_cANA
999 _c219184
_d219184